Pays d’Amérique sans indice - Statistiques

Statistiques générales
  • Ce quiz a été pris 95 fois
  • Le résultat moyen est 29 sur 35
Statistiques - réponses
Réponse % Correct
Canada
98%
États Unis
98%
Brésil
95%
Mexique
95%
Colombie
94%
Uruguay
94%
Argentine
93%
Chili
93%
Cuba
92%
Panama
92%
Venezuela
92%
Bolivie
90%
Guyana
90%
Paraguay
90%
Pérou
90%
Équateur
87%
Honduras
87%
Costa Rica
85%
Haïti
83%
Salvador
83%
Suriname
83%
Guatemala
82%
Nicaragua
81%
République Dominicaine
81%
Jamaïque
80%
Belize
79%
Bahamas
71%
Barbade
70%
Dominique
70%
Sainte-Lucie
70%
Grenade
69%
Saint-Christophe-et-Niévès
69%
Trinité-et-Tobago
69%
Antigua-et-Barbuda
64%
Saint-Vincent-et-les-Grenadines
55%
Aucun quiz correspondant
Distribution des résultats
% des personnes avec chaque résultat
Percentile par nombre de réponses
Votre historique - résultats
Vous n’avez pas pris ce quiz